logo

Bir Sreshtho Munshi Abdur Rouf Library
Jhenaidah Cadet College

তড়িৎ চুম্বকীয় তত্ত্ব / (Record no. 8396)

MARC details
000 -LEADER
fixed length control field 00769nam a2200241 a 4500
001 - CONTROL NUMBER
JCCL Control Number 8396
003 - CONTROL NUMBER IDENTIFIER
JCCL marc code BD-JhCC
005 - DATE AND TIME OF LATEST TRANSACTION
control field 20180222172252.0
008 - FIXED-LENGTH DATA ELEMENTS--GENERAL INFORMATION
fixed length control field 180222s1998 bg a|||| ||a| 000 0 be d
020 ## - INTERNATIONAL STANDARD BOOK NUMBER
International Standard Book Number 9840738011
035 ## - SYSTEM CONTROL NUMBER
system control number (BD-JhCC)8396
040 ## - CATALOGING SOURCE
Original cataloging agency BD-JhCC
Modifying agency BD-JhCC
041 ## - LANGUAGE CODE
Language code of Book ben
082 ## - DEWEY DECIMAL CLASSIFICATION NUMBER
Classification number 537.1
Author mark and Year KHA 1998
100 ## - MAIN ENTRY--PERSONAL NAME
Personal name খান,সাইদুর রহমান.
245 ## - TITLE STATEMENT
Title তড়িৎ চুম্বকীয় তত্ত্ব /
Statement of responsibility, etc সাইদুর রহমান খান.
260 ## - PUBLICATION, DISTRIBUTION, ETC. (IMPRINT)
Place of publication, distribution, etc ঢাকা :
Name of publisher, distributor, etc বাংলা একাডেমী;
Date of publication, distribution, etc 1998.
300 ## - PHYSICAL DESCRIPTION
Pagination 246 p. :
Other physical details ill;
Dimensions 23 cm.
651 ## - SUBJECT ADDED ENTRY--GEOGRAPHIC NAME
Geographic name Electromagnetic.
700 ## - ADDED ENTRY--PERSONAL NAME
Personal name তালুকদার,ওসমান গণী.
942 ## - ADDED ENTRY ELEMENTS (KOHA)
Source of classification or shelving scheme Library of Congress Classification
Koha item type Books
Holdings
Source of classification or shelving scheme Damaged status Not for loan Home library Current library Shelving location Date of accession Cost, normal purchase price Total Checkouts Full call number Barcode Date last seen Copy number Koha item type
Dewey Decimal Classification     JCC Rouf Library JCC Rouf Library General Stacks 02/22/2018 140.00   537.1 KHA 1998 10712 02/22/2018 C - 1 Books

JCC Library | Contacts | JCC Home

Last Update on 23 September 2017
Copyright @ 2017-2020 JCC Rouf Library
Rouf Library, Jhenidah Cadet College (JCC), Bangladesh